Normal view
MARC view
- Women poets, Urdu
Entry Topical Term
001 - CONTROL NUMBER
- control field: 6936
003 - CONTROL NUMBER IDENTIFIER
- control field: NUST
005 - DATE AND TIME OF LATEST TRANSACTION
- control field: 20171205094206.0
008 - FIXED-LENGTH DATA ELEMENTS
- fixed length control field: 171205|| aca||aabn | a|a d
040 ## - CATALOGING SOURCE
- Original cataloging agency: NUST
- Transcribing agency: NUST
150 ## - HEADING--TOPICAL TERM
- Topical term or geographic name entry element: Women poets, Urdu
- Geographic subdivision: Pakistan
- Form subdivision: Biography.
670 ## - SOURCE DATA FOUND
- Source citation: Work cat.: (NUST)0: 880-01 Jāved, Rafāqat, author. 6934, Parvīn Shākir :
